Top 100 DJs 2022 - Statistics

General Stats
  • This quiz has been taken 17 times
  • The average score is 27 of 100
Answer Stats
Place: Answer % Correct
2. David Guetta
87%
1. Martin Garrix
73%
23. Skrillex
73%
3. Dimitri Vegas & Like Mike
67%
15. Tiësto
67%
43. Hardwell
60%
12. KSHMR
60%
5. Armin van Buuren
53%
16. Calvin Harris
53%
26. Marshmello
53%
7. Steve Aoki
53%
46. The Chainsmokers
53%
6. Afrojack
47%
4. Alok
47%
14. Charlotte de Witte
47%
65. Deadmau5
47%
8. Timmy Trumpet
47%
58. Zedd
47%
39. Black Coffee
40%
22. Carl Cox
40%
44. DJ Snake
40%
48. Fisher
40%
20. Nicky Romero
40%
10. Oliver Heldens
40%
13. R3HAB
40%
17. Alan Walker
33%
64. Alesso
33%
63. Angerfist
33%
27. Bassjackers
33%
52. Blasterjaxx
33%
68. Brennan Heart
33%
9. Don Diablo
33%
38. Paul van Dyk
33%
77. Swedish House Mafia
33%
69. Topic
33%
30. Above & Beyond
27%
51. Adam Beyer
27%
37. Amelie Lens
27%
29. Eric Prydz
27%
82. Green Velvet
27%
60. Julian Jordan
27%
78. MATTN
27%
56. Morten
27%
80. Ofenbach
27%
55. REZZ
27%
35. Tujamo
27%
41. Ummet Ozcan
27%
21. Vini Vici
27%
62. Will Sparks
27%
83. 22Bullets
20%
47. Alison Wonderland
20%
61. Boris Brejcha
20%
79. Breathe Carolina
20%
76. Burak Yeter
20%
31. Claptone
20%
50. Deborah de Luca
20%
32. Jamie Jones
20%
84. Lucas & Steve
20%
89. Miss K8
20%
40. NERVO
20%
24. Peggy Gou
20%
75. Pink Panda
20%
88. Solomun
20%
81. Tungevaag
20%
45. VINAI
20%
18. W&W
20%
42. ATB
13%
66. Cat Dealers
13%
36. Danny Avila
13%
87. Ferry Corsten
13%
25. Gordo
13%
98. Jay Hardway
13%
67. Joel Corry
13%
70. Kaaze
13%
95. Kaka
13%
73. Kura
13%
28. Lost Frequencies
13%
71. Tom & Collins
13%
11. Vintage Culture
13%
91. Acraze
7%
86. Aryue
7%
53. Beauz
7%
59. Carta
7%
99. Cuebrick
7%
54. Diego Miranda
7%
93. Dubdogz
7%
19. Fedde le Grand
7%
90. Honey Dijon
7%
92. Le Twins
7%
34. Mariana Bo
7%
97. Maya Jane Coles
7%
85. Mr. Pig
7%
74, Naeleck
7%
57. Nora en Pure
7%
72. Plastik Funk
7%
33. Quintino
7%
94. Rave Republic
7%
49. Reinier Zonneveld
7%
96. Sunnery James & Ryan Marciano
7%
100. The Martinez Brothers
7%
No matching quizzes found
Score Distribution
Percent of People with Each Score
Percentile by Number Answered
Your Score History
You have not taken this quiz